| 000 | 00524nam a2200157Ia 4500 | ||
|---|---|---|---|
| 003 | GCL | ||
| 008 | 140319s9999 xx 000 0 ara d | ||
| 040 |
_aGCL / _cGCL |
||
| 082 | 0 | 4 |
_a823 _bع م |
| 100 | 1 | _aعمر مكاوى (مترجم) | |
| 245 | 1 | 0 |
_aمختارات من برناردشو فى السياسة (هديه من الآديب عبدالفتاح الجمل) / _cعمر مكاوى (مترجم) |
| 300 | _a265 | ||
| 490 |
_aكتاب الهلال _v0 |
||
| 650 | 0 | 4 | _aالادب الانجليزى |
| 942 |
_2ddc _cBK |
||
| 999 |
_c42832 _d42832 |
||